01281cam a22003735i 450000100090000000300050000900500170001400800410003101000170007202000180008902500230010703700530013003800210018304000230020404200100022704300120023705000260024908200180027524500760029326400700036930000270043933600260046633700280049233800270052049000250054750400510057265000310062365000430065465000500069765000330074765100310078070000270081171000690083820469801NUST20190109053531.0180426s2018 pk b 001 0 eng  a 2018306274 a9789697813001 aP-E-2018306274; 33 bLibrary of Congress -- Islamabad Overseas Office aMuhammad Ibrahim aDLCbengcDLCerda alcode aa-pk---00aU264.5.P18bN86 2018+ a355bNUC 201800aNuclear Pakistan seeking security & stability /cedited by Naeem Salik. 1aIslamabad :bCenter for International Strategic Studies,c[ 2018] axx, 270 pages ;c23 cm atextbtxt2rdacontent aunmediatedbn2rdamedia avolumebnc2rdacarrier0 aCISS security series aIncludes bibliographical references and index. 0aNuclear weaponszPakistan. 0aCommand and control systemszPakistan. 0aNuclear weaponsxGovernment policyzPakistan. 0aNational securityzPakistan. 0aPakistanxMilitary policy.1 aSalik, Naeem,eeditor.2 aCenter for International Strategic Studies (Islamabad, Pakistan)